కీళ్ళ నొప్పులు, మో కాళ్ళ నొప్పులు (Record no. 23932)
[ view plain ]
| 000 -LEADER | |
|---|---|
| fixed length control field | 01328nam a22002537a 4500 |
| 005 - DATE AND TIME OF LATEST TRANSACTION | |
| control field | 20090217105349.0 |
| 008 - FIXED-LENGTH DATA ELEMENTS--GENERAL INFORMATION | |
| fixed length control field | 090212t xxu||||| |||| 00| 0 eng d |
| 010 ## - LCCN (DPL NO) | |
| LC control number | TEL-4998 |
| 020 ## - INTERNATIONAL STANDARD BOOK NUMBER | |
| Terms of availability | Rs.100.00 |
| 035 ## - SYSTEM CONTROL NUMBER | |
| System control number | TL-4005 |
| 037 ## - SOURCE OF ACQUISITION | |
| Source of stock number/acquisition | DBAD / PUB |
| 040 ## - CATALOGING SOURCE | |
| Original cataloging agency | dpl |
| Language of cataloging | Telugu |
| 082 ## - DEWEY DECIMAL CLASSIFICATION NUMBER | |
| Classification number | 616.7205 |
| 100 ## - MAIN ENTRY--PERSONAL NAME | |
| Personal name | వెంకటరావు, సి.యల్. |
| 245 ## - TITLE STATEMENT | |
| Title | కీళ్ళ నొప్పులు, మో కాళ్ళ నొప్పులు |
| Statement of responsibility, etc | / సి.యల్. వెంకటరావు |
| 246 ## - VARYING FORM OF TITLE | |
| Title proper/short title | Keella noppulu, mokaalla noppulu |
| Remainder of title | C.L.Venkatarao |
| 260 ## - PUBLICATION, DISTRIBUTION, ETC. (IMPRINT) | |
| Place of publication, distribution, etc | హైదరాబాద్ |
| Name of publisher, distributor, etc | నిహిల్ పబ్లికేషన్స్ |
| Date of publication, distribution, etc | 2007 |
| 270 ## - ADDRESS | |
| Address | ప్లాట్ నెం. 201, సెకండ్ ప్లోర్, యస్.యస్.ప్రశాంతి రెసిడెన్సి, ఎల్లారెడ్డి గూడ |
| City | హైదరాబాద్ |
| Postal code | 500073 |
| 300 ## - PHYSICAL DESCRIPTION | |
| Extent | 223పే. |
| Dimensions | 23 సె.మీ. |
| 650 ## - SUBJECT ADDED ENTRY--TOPICAL TERM | |
| Topical term or geographic name as entry element | మోకాళ్ళు |
| General subdivision | వ్యాధులు - నివారణ |
| 650 ## - SUBJECT ADDED ENTRY--TOPICAL TERM | |
| Topical term or geographic name as entry element | Joints |
| General subdivision | Diseases - Treatment |
| 942 ## - ADDED ENTRY ELEMENTS (KOHA) | |
| Source of classification or shelving scheme | Dewey Decimal Classification |
| Item type | Telugu |
| Classification part | 616.7205 |
| Call number suffix | /VEN |
| Withdrawn status | Lost status | Source of classification or shelving scheme | Damaged status | Not for loan | Home library | Current library | Date acquired | Cost, normal purchase price | Total Checkouts | Full call number | Barcode | Date last seen | Cost, replacement price | Koha item type |
|---|---|---|---|---|---|---|---|---|---|---|---|---|---|---|
| Dewey Decimal Classification | D.B.Act.Division | D.B.Act.Division | 17/02/2009 | 100.00 | 616.7205 /VEN | TL-4005 | 17/02/2009 | 100.00 | Telugu |
